Largest Cities In Indiana - Statistics

General Stats
  • This quiz has been taken 10 times
  • The average score is 13 of 20
Answer Stats
Rank Population City % Correct
2 264,052 Fort Wayne
100%
9 76,677 Gary
100%
1 867,170 Indianapolis
100%
4 102,233 South Bend
100%
7 84,058 Bloomington
86%
3 118,952 Evansville
86%
11 69,164 Muncie
86%
6 88,717 Fishers
71%
8 77,071 Hammond
71%
14 57,947 Kokomo
71%
10 72,444 Lafayette
71%
16 54,788 Anderson
57%
5 90,163 Carmel
57%
17 52,308 Elkhart
57%
13 60,691 Terre Haute
57%
20 47,227 Columbus
29%
18 48,926 Mishawaka
29%
12 61,558 Noblesville
29%
15 56,791 Greenwood
14%
19 48,405 Lawrence
14%
No matching quizzes found
Score Distribution
Percent of People with Each Score
Percentile by Number Answered
Your Score History
You have not taken this quiz